000
00226 a2200097 4500
001
42895
100
_a
Kabir M
245
_a
A short history of Pakistan
260
_a
Karachi
_b
University of Karachi
_c
090
_c
26782
_d
26782
942
_a
NUST-CAE
_c
M
_c
18649
999
_c
277968
_d
277968